Keynes : Les enjeux de la Théorie générale (notice n° 2174843)

détails MARC
000 -LEADER
fixed length control field 01525cam a2200145 4500500
005 - DATE AND TIME OF LATEST TRANSACTION
control field 20260405051029.0
041 ## - LANGUAGE CODE
Language code of text/sound track or separate title fre
042 ## - AUTHENTICATION CODE
Authentication code dc
100 10 - MAIN ENTRY--PERSONAL NAME
Personal name Orio, Lucien
Relator term author
245 00 - TITLE STATEMENT
Title Keynes : Les enjeux de la Théorie générale
260 ## - PUBLICATION, DISTRIBUTION, ETC.
Name of publisher, distributor, etc. Armand Colin,<br/>
Date of publication, distribution, etc. 2009.<br/>
520 ## - SUMMARY, ETC.
Summary, etc. Récemment encore, le nom de Keynes était associé aux déficits publics, à l’inflation, au laxisme des politiques budgétaires et au poids excessif de l’État dans l’économie. Avec la réapparition de la crise économique, il n’est plus question que du retour de Keynes. Les détracteurs d’hier sont soudain devenus les plus grands admirateurs ! Et chacun cherche à puiser dans l’oeuvre de Keynes, et notamment dans la Théorie générale, tous les antidotes possibles. D’où l’intérêt du présent ouvrage qui est à la fois une introduction à la Théorie générale, mais aussi une présentation raisonnée et argumentée des enjeux de la pensée keynésienne. Placée sous le signe du pragmatisme, son œuvre contient des principes radicalement neufs qui fondent toujours un message économique propre aux questions du XXIe siècle. Le présent ouvrage s’adresse aux étudiants de classes préparatoires, de sciences économiques et des IEP, ainsi qu’à tous ceux qui s’intéressent à la théorie économique, ses débats, ses applications politiques. 
700 10 - ADDED ENTRY--PERSONAL NAME
Personal name Quilès, Jean-José
Relator term author
856 41 - ELECTRONIC LOCATION AND ACCESS
Uniform Resource Identifier <a href="https://shs.cairn.info/keynes--9782200244217?lang=fr&redirect-ssocas=7080">https://shs.cairn.info/keynes--9782200244217?lang=fr&redirect-ssocas=7080</a>

Pas d'exemplaire disponible.

PLUDOC

PLUDOC est la plateforme unique et centralisée de gestion des bibliothèques physiques et numériques de Guinée administré par le CEDUST. Elle est la plus grande base de données de ressources documentaires pour les Étudiants, Enseignants chercheurs et Chercheurs de Guinée.

Adresse

627 919 101/664 919 101

25 boulevard du commerce
Kaloum, Conakry, Guinée

Réseaux sociaux

Powered by Netsen Group @ 2025